[Event "Open SSC Rostock 07"]
[Site "Rostock"]
[Date "2008.08.30"]
[Round "5.16"]
[White "Raitza, Egon"]
[Black "Jaehn, Justin"]
[Result "1/2-1/2"]
[WhiteElo "1869"]
[BlackElo "1635"]
[PlyCount "143"]
[EventDate "2008.08.28"]
[EventType "swiss"]
[EventRounds "7"]
[EventCountry "GER"]
[Source "Th.Schwetlick"]
[SourceDate "2008.08.28"]
[WhiteTeam "SSC Rostock 07"]
[BlackTeam "SF Schwerin"]

1. d4 f5 2. g3 Nf6 3. Bg2 c6 4. Nh3 d5 5. O-O g6 6. Bd2 Bg7 7. Bb4 Na6 8. Ba3
O-O 9. Nd2 Re8 10. Nf3 Nd7 11. Nf4 e5 12. dxe5 Nxe5 13. Nxe5 Bxe5 14. Nd3 Bd6
15. Bxd6 Qxd6 16. e3 Be6 17. c3 Bf7 18. Qd2 Nc7 19. Rad1 Ne6 20. Rfe1 Rad8 21.
f4 Re7 22. Ne5 Nc5 23. Qd4 b6 24. c4 Qf6 25. cxd5 cxd5 26. Nxf7 Kxf7 27. Qxf6+
Kxf6 28. Rxd5 Rc8 29. Rd6+ Re6 30. Rxe6+ Nxe6 31. e4 fxe4 32. Bxe4 Nd4 33. Kf2
Rc7 34. Rd1 Ne6 35. Rd2 Nc5 36. Bb1 Nd7 37. Ke3 Nf8 38. Be4 Ne6 39. Rd6 Ke7 40.
Rd2 Kf6 41. g4 g5 42. fxg5+ Kxg5 43. Bf5 Re7 44. Bxe6 Rxe6+ 45. Kf3 h6 46. Rd5+
Kg6 47. h4 a5 48. Rb5 Kg7 49. Kf4 Rc6 50. Kf5 Kf7 51. g5 h5 52. Rd5 Kf8 53. Rd7
Rc4 54. Rb7 Rxh4 55. Rxb6 Rh2 56. Rb7 Rf2+ 57. Kg6 h4 58. Rb8+ Ke7 59. Rh8 Rxb2
60. Rxh4 Rxa2 61. Rh7+ Kf8 62. Rf7+ Ke8 63. Ra7 a4 64. Kg7 a3 65. g6 Ra1 66.
Kg8 a2 67. g7 Kd8 68. Kf7 Rf1+ 69. Ke6 Re1+ 70. Kd5 Rg1 71. Rxa2 Rxg7 72. Ra8+
1/2-1/2

[Event "Open SSC Rostock 07"]
[Site "Rostock"]
[Date "2008.08.30"]
[Round "5.17"]
[White "Hasenberg, Harald"]
[Black "Zimmermann, Ulrich"]
[Result "1/2-1/2"]
[WhiteElo "1678"]
[BlackElo "1818"]
[PlyCount "96"]
[EventDate "2008.08.28"]
[EventType "swiss"]
[EventRounds "7"]
[EventCountry "GER"]
[Source "Th.Schwetlick"]
[SourceDate "2008.08.28"]
[WhiteTeam "SSC Rostock 07"]
[BlackTeam "SK Bebenhausen 1992"]

1. d4 Nf6 2. c4 e6 3. g3 d5 4. Bg2 dxc4 5. Qa4+ Bd7 6. Qxc4 Bc6 7. Nf3 Bd5 8.
Qa4+ Bc6 9. Qd1 Be7 10. O-O O-O 11. Nc3 Nbd7 12. Qc2 Nb6 13. e4 Qc8 14. a3 Rd8
15. h3 Be8 16. e5 Nfd5 17. Ne4 Nd7 18. Bd2 c5 19. dxc5 Nxc5 20. Rfc1 Nxe4 21.
Qxe4 Bc6 22. Qg4 Qd7 23. Bh6 Bf8 24. Bg5 Rdc8 25. Nd4 Kh8 26. Nxc6 Rxc6 27. Rd1
Rc7 28. Rd2 Qb5 29. Rad1 h6 30. Bxd5 exd5 31. Be3 Re7 32. Bd4 a6 33. f4 Ree8
34. f5 Bc5 35. Kh2 Bxd4 36. Qxd4 Rac8 37. a4 Qc6 38. g4 Qc7 39. Re1 f6 40. Red1
fxe5 41. Qc3 Qc6 42. Qb3 d4 43. Qf7 Qxa4 44. f6 Rg8 45. Qh5 Qb5 46. fxg7+ Rxg7
47. Qxh6+ Kg8 48. Qe6+ Kh8 1/2-1/2

[Event "Open SSC Rostock 07"]
[Site "Rostock"]
[Date "2008.08.30"]
[Round "5.18"]
[White "Weber, Max"]
[Black "Hingst, Silke"]
[Result "1/2-1/2"]
[WhiteElo "1614"]
[BlackElo "1774"]
[PlyCount "85"]
[EventDate "2008.08.28"]
[EventType "swiss"]
[EventRounds "7"]
[EventCountry "GER"]
[Source "Th.Schwetlick"]
[SourceDate "2008.08.28"]
[WhiteTeam "SSC Rostock 07"]
[BlackTeam "SSC Rostock 07"]

1. e4 e5 2. Nf3 Nf6 3. Nxe5 d6 4. Nf3 Nxe4 5. Nc3 d5 6. Qe2 Be7 7. Nxe4 dxe4 8.
Qxe4 O-O 9. Bd3 g6 10. O-O Nc6 11. Bb5 Bf5 12. Qe2 Bxc2 13. d4 Bf5 14. Bh6 Re8
15. Qc4 Na5 16. Qc3 c6 17. Ba4 b5 18. Bc2 Bxc2 19. Qxc2 Bf6 20. Rfd1 Qb6 21.
Bd2 Nc4 22. Bb4 Rad8 23. b3 Nd6 24. Rac1 a5 25. Bc5 Qc7 26. Re1 Rxe1+ 27. Rxe1
Nf5 28. Qe4 Ng7 29. Ne5 Re8 30. f4 Bd8 31. Qf3 f6 32. Nd3 Rxe1+ 33. Nxe1 Qd7
34. Qe4 Qe6 35. Qxe6+ Nxe6 36. Nd3 Kf7 37. Kf2 Be7 38. Kf3 Ng7 39. Bb6 a4 40.
bxa4 bxa4 41. Bc5 Ne6 42. Ke3 a3 43. Ke4 1/2-1/2

[Event "Open SSC Rostock 07"]
[Site "Rostock"]
[Date "2008.08.30"]
[Round "5.19"]
[White "Schreiber, Nico"]
[Black "Jaensch, Robert"]
[Result "1-0"]
[WhiteElo "1685"]
[BlackElo "1577"]
[PlyCount "58"]
[EventDate "2008.08.28"]
[EventType "swiss"]
[EventRounds "7"]
[EventCountry "GER"]
[Source "Th.Schwetlick"]
[SourceDate "2008.08.28"]
[WhiteTeam "ASV Gruen-Weiss Wismar"]
[BlackTeam "SSC Rostock 07"]

1. d4 d5 2. Nf3 c6 3. c3 Bf5 4. Bf4 e6 5. Nbd2 Nf6 6. e3 a6 7. Be2 Nbd7 8. Bg3
Be7 9. O-O O-O 10. Nh4 Bg6 11. Nxg6 fxg6 12. Qc2 Qe8 13. e4 Rc8 14. Rae1 Qf7
15. e5 Ne8 16. Nb3 c5 17. Qd1 cxd4 18. Nxd4 h5 19. h4 Nc7 20. Bf3 Rfd8 21. a3
Kh8 22. Re3 Nb6 23. Be2 Bf8 24. Bd3 Nc4 25. Rf3 Qe8 26. Qc2 Kh7 27. Bf4 Be7 28.
Rg3 Kg8 29. Bxg6 Qf8 1-0

[Event "Open SSC Rostock 07"]
[Site "Rostock"]
[Date "2008.08.30"]
[Round "5.20"]
[White "Lehmann, Torsten"]
[Black "Appel, Gerald"]
[Result "1/2-1/2"]
[WhiteElo "1970"]
[BlackElo "1722"]
[PlyCount "85"]
[EventDate "2008.08.28"]
[EventType "swiss"]
[EventRounds "7"]
[EventCountry "GER"]
[Source "Th.Schwetlick"]
[SourceDate "2008.08.28"]
[WhiteTeam "ESV 1949 Eberswalde"]
[BlackTeam "SV Motor Wolgast 1949"]

1. g3 d5 2. Bg2 c6 3. c3 Nf6 4. Nh3 e5 5. O-O Bd6 6. f3 O-O 7. Nf2 Na6 8. d3 h6
9. e3 Re8 10. Re1 Nc7 11. Nd2 a5 12. Nf1 Be6 13. g4 Nh7 14. f4 exf4 15. exf4
Qc8 16. Bd2 Bc5 17. d4 Be7 18. Qf3 Bh4 19. Ng3 Be7 20. Re2 f5 21. h3 fxg4 22.
hxg4 Bh4 23. Rae1 Bxg3 24. Qxg3 Bf7 25. Nd3 Rxe2 26. Rxe2 Ne8 27. f5 Ng5 28.
Bxg5 hxg5 29. Ne5 Qc7 30. Qh3 Nf6 31. Bf3 Re8 32. Rh2 Kf8 33. Qh8+ Bg8 34. Qh3
Ke7 35. Re2 Kd8 36. Qh2 Kc8 37. Nd3 Rxe2 38. Qxc7+ Kxc7 39. Bxe2 Bf7 40. Ne5
Be8 41. Bf3 b5 42. Kf2 Kd6 43. Nd3 1/2-1/2

[Event "Open SSC Rostock 07"]
[Site "Rostock"]
[Date "2008.08.30"]
[Round "5.21"]
[White "Friedel, Roland"]
[Black "Mueggenburg, Rolf"]
[Result "1-0"]
[WhiteElo "1487"]
[BlackElo "1533"]
[PlyCount "95"]
[EventDate "2008.08.28"]
[EventType "swiss"]
[EventRounds "7"]
[EventCountry "GER"]
[Source "Th.Schwetlick"]
[SourceDate "2008.08.28"]
[WhiteTeam "SF Drensteinfurt"]
[BlackTeam "HSG Uni Rostock"]

1. d4 d5 2. Nf3 Nf6 3. e3 Nc6 4. a3 Qd6 5. Bd3 Bg4 6. Nbd2 e5 7. dxe5 Nxe5 8.
Be2 h5 9. b4 Bd7 10. Bb2 Neg4 11. Bxf6 gxf6 12. h3 Nxe3 13. fxe3 Qg3+ 14. Kf1
Rg8 15. Rg1 Bh6 16. Qe1 Qd6 17. Bd3 O-O-O 18. Qf2 Rde8 19. e4 Kb8 20. Re1 Bf4
21. Qc5 Qxc5 22. bxc5 d4 23. Nb3 Bg3 24. Re2 Re6 25. Nbxd4 Re7 26. Re3 Rge8 27.
Ne2 h4 28. Nxg3 hxg3 29. Nd4 Rg8 30. Rf3 Re5 31. Rxf6 Rxc5 32. Rxf7 Ba4 33. Ke2
Rc3 34. Rgf1 a6 35. Rf8+ Rxf8 36. Rxf8+ Ka7 37. Rg8 Rxa3 38. h4 c5 39. Nf3 Rc3
40. h5 Bxc2 41. Bxc2 Rxc2+ 42. Nd2 c4 43. h6 c3 44. Kd1 Rxd2+ 45. Kc1 Rxg2 46.
h7 Rg1+ 47. Kc2 g2 48. h8=Q 1-0

[Event "Open SSC Rostock 07"]
[Site "Rostock"]
[Date "2008.08.30"]
[Round "5.22"]
[White "Celmer, Ole"]
[Black "Bezkorovaynyy, Mykola"]
[Result "1-0"]
[WhiteElo "1410"]
[BlackElo "1612"]
[PlyCount "118"]
[EventDate "2008.08.28"]
[EventType "swiss"]
[EventRounds "7"]
[EventCountry "GER"]
[Source "Th.Schwetlick"]
[SourceDate "2008.08.28"]
[WhiteTeam "SSC Rostock 07"]
[BlackTeam "ESV Rot-Weiss Goettingen"]

1. e4 c5 2. Nf3 d6 3. d4 cxd4 4. Nxd4 Nf6 5. Nc3 a6 6. Be2 e6 7. Be3 Be7 8. Qd2
O-O 9. O-O-O b5 10. Bf3 e5 11. Nf5 Bb7 12. Nxd6 Qc7 13. Nxb7 Qxb7 14. Nd5 Nxd5
15. Qxd5 Qxd5 16. exd5 Bd6 17. g3 Nd7 18. Rhe1 b4 19. Bg2 a5 20. f4 a4 21. fxe5
Nxe5 22. Bf4 f6 23. Re2 b3 24. a3 Rfe8 25. Bxe5 Bxe5 26. Kb1 Ra6 27. cxb3 axb3
28. d6 Rd8 29. d7 Kf8 30. Red2 Ke7 31. Rd3 Rb6 32. Bd5 Rxd7 33. Bxb3 Rdb7 34.
Ka2 h6 35. a4 Bd6 36. Rc1 Rb8 37. Rb1 Be5 38. Rc1 Bd6 39. Rc2 Be5 40. Rc5 Bd6
41. Rcd5 R8b7 42. a5 Rc6 43. R3d4 Ra7 44. Ra4 Rc5 45. Rxc5 Bxc5 46. Bc4 Kd8 47.
b4 Bb6 48. Kb3 Bc7 49. a6 Bb6 50. Bd5 Ke7 51. Bb7 Kd6 52. b5 Kc5 53. Rg4 g5 54.
Ka4 h5 55. Rb4 Bc7 56. Re4 Bb8 57. Re7 Bd6 58. Rf7 h4 59. gxh4 gxh4 1-0

[Event "Open SSC Rostock 07"]
[Site "Rostock"]
[Date "2008.08.30"]
[Round "5.23"]
[White "Schreiber, Felix"]
[Black "Jepp, Wolfgang"]
[Result "0-1"]
[WhiteElo "1292"]
[BlackElo "1531"]
[PlyCount "117"]
[EventDate "2008.08.28"]
[EventType "swiss"]
[EventRounds "7"]
[EventCountry "GER"]
[Source "Th.Schwetlick"]
[SourceDate "2008.08.28"]
[WhiteTeam "ASV Gruen-Weiss Wismar"]
[BlackTeam "SV RUGIA Bergen"]

1. d4 d5 2. Nf3 Nf6 3. Bf4 Nc6 4. e3 a6 5. Nbd2 b5 6. c3 Bb7 7. Be2 e6 8. O-O
h6 9. h3 Bd6 10. Bxd6 Qxd6 11. Re1 O-O 12. Bd3 e5 13. dxe5 Nxe5 14. Nxe5 Qxe5
15. Qc2 c5 16. Be2 Rad8 17. Nb3 Qc7 18. Rad1 Rfe8 19. Bf3 Ne4 20. Nd2 Ng5 21.
b3 Nxf3+ 22. Nxf3 Re6 23. Re2 Rf6 24. Red2 Qe7 25. Ne1 Re6 26. Kf1 Rf6 27. c4
bxc4 28. bxc4 Rfd6 29. cxd5 Rxd5 30. Rxd5 Rxd5 31. Rxd5 Bxd5 32. Nd3 Be4 33. f3
Bxd3+ 34. Qxd3 a5 35. e4 Qc7 36. a4 c4 37. Qc2 c3 38. Ke2 Qc4+ 39. Ke3 Kf8 40.
h4 Ke7 41. g3 Ke6 42. f4 g6 43. g4 h5 44. g5 Qb4 45. e5 Qb2 46. Kd3 Qxc2+ 47.
Kxc2 Kf5 48. Kxc3 Kxf4 49. Kd4 Kg4 50. e6 fxe6 51. Ke5 Kxh4 52. Kf6 e5 53. Kxg6
e4 54. Kf5 e3 55. g6 e2 56. g7 e1=Q 57. g8=Q Qf2+ 58. Ke4 Qe2+ 59. Kf4 0-1

[Event "Open SSC Rostock 07"]
[Site "Rostock"]
[Date "2008.08.30"]
[Round "5.24"]
[White "Doering, Manfred"]
[Black "Jaehn, Janis"]
[Result "1-0"]
[WhiteElo "1286"]
[BlackElo "1514"]
[PlyCount "81"]
[EventDate "2008.08.28"]
[EventType "swiss"]
[EventRounds "7"]
[EventCountry "GER"]
[Source "Th.Schwetlick"]
[SourceDate "2008.08.28"]
[WhiteTeam "SV Einheit Schwerin"]
[BlackTeam "SF Schwerin"]

1. e4 c5 2. c4 g6 3. f4 Nc6 4. Nf3 d6 5. Nc3 Bg7 6. d3 e6 7. Be3 Nge7 8. Rc1
O-O 9. g4 Nd4 10. h4 f5 11. g5 fxe4 12. dxe4 e5 13. Bxd4 cxd4 14. Ne2 Bg4 15.
Kf2 Nc6 16. a3 Qb6 17. Kg3 Bxf3 18. Kxf3 Rf7 19. Bh3 Nd8 20. b4 h6 21. f5 gxf5
22. Bxf5 Qc6 23. Ng3 Ne6 24. Kg4 Nf4 25. Rc2 Qe8 26. Kf3 d3 27. Rch2 h5 28. Qb3
Kh8 29. Ke3 a5 30. b5 Rc7 31. a4 Qe7 32. Rc1 Rc5 33. Qd1 Qc7 34. Nxh5 Ne2 35.
Rxe2 dxe2 36. Qxe2 d5 37. exd5 Rxd5 38. Nf6 Qc5+ 39. Kf3 e4+ 40. Kg2 Rxf5 41.
Qh5+ 1-0

[Event "Open SSC Rostock 07"]
[Site "Rostock"]
[Date "2008.08.30"]
[Round "5.25"]
[White "Sura, Christian"]
[Black "Pererva, Viktor"]
[Result "1-0"]
[WhiteElo "1405"]
[BlackElo "1486"]
[PlyCount "109"]
[EventDate "2008.08.28"]
[EventType "swiss"]
[EventRounds "7"]
[EventCountry "GER"]
[Source "Th.Schwetlick"]
[SourceDate "2008.08.28"]
[WhiteTeam "SSC Rostock 07"]
[BlackTeam "SSC Rostock 07"]

1. d4 d5 2. c4 c6 3. Nf3 e6 4. Nc3 Nf6 5. Bg5 Nbd7 6. e3 Be7 7. Bd3 dxc4 8.
Bxc4 b5 9. Bd3 a6 10. O-O O-O 11. Rc1 h6 12. Bh4 c5 13. Bxf6 Bxf6 14. Ne4 c4
15. Nxf6+ Nxf6 16. Be2 Bb7 17. b3 cxb3 18. Qxb3 Qd5 19. Bd3 Qxb3 20. axb3 Rac8
21. Nd2 Rfd8 22. Be2 Kf8 23. Bf3 Bxf3 24. Nxf3 Nd5 25. Ne5 Nc3 26. Rc2 Ke7 27.
Nd3 Ne4 28. Rfc1 Rxc2 29. Rxc2 Nd6 30. Nb4 Rc8 31. Rxc8 Nxc8 32. Nxa6 Kd6 33.
Kf1 Nb6 34. Ke2 Nd5 35. Kd3 f5 36. g3 g6 37. f3 Ne7 38. Nb4 g5 39. Na2 h5 40.
Nc3 Kc6 41. e4 b4 42. Ne2 Kb5 43. f4 g4 44. Ke3 Kc6 45. Nc1 Kb5 46. Nd3 Nc6 47.
d5 exd5 48. exf5 Ne7 49. f6 Nf5+ 50. Kd2 Nd6 51. Ke2 Nf7 52. Ne5 Nd6 53. f7
Nxf7 54. Nxf7 Kc5 55. Kd3 1-0

[Event "Open SSC Rostock 07"]
[Site "Rostock"]
[Date "2008.08.30"]
[Round "5.26"]
[White "Bardosch, Konstantin"]
[Black "Bardosch, Karl Valentin"]
[Result "1/2-1/2"]
[WhiteElo "1203"]
[BlackElo "1183"]
[PlyCount "56"]
[EventDate "2008.08.28"]
[EventType "swiss"]
[EventRounds "7"]
[EventCountry "GER"]
[Source "Th.Schwetlick"]
[SourceDate "2008.08.28"]
[WhiteTeam "SSC Rostock 07"]
[BlackTeam "SSC Rostock 07"]

1. d4 d5 2. c4 c6 3. Nc3 Nf6 4. Nf3 e6 5. e3 dxc4 6. Bxc4 Bb4 7. Bd2 O-O 8. O-O
Nbd7 9. a3 Be7 10. b4 Nb6 11. Bd3 Nbd5 12. e4 Nxc3 13. Bxc3 Bd7 14. Qc2 h6 15.
Ne5 Qc7 16. Nxd7 Qxd7 17. Rab1 Bd8 18. Rfd1 Bc7 19. b5 cxb5 20. Bxb5 Qe7 21.
Bb4 Bxh2+ 22. Kxh2 Ng4+ 23. Kg3 Qg5 24. f4 Qg6 25. Kf3 Nh2+ 26. Kf2 Ng4+ 27.
Ke2 Rfc8 28. Qb3 Qxe4+ 1/2-1/2

[Event "Open SSC Rostock 07"]
[Site "Rostock"]
[Date "2008.08.30"]
[Round "5.27"]
[White "Hartmann, Andreas"]
[Black "Kirchner, Holger"]
[Result "1-0"]
[WhiteElo "1165"]
[BlackElo "1141"]
[PlyCount "99"]
[EventDate "2008.08.28"]
[EventType "swiss"]
[EventRounds "7"]
[EventCountry "GER"]
[Source "Th.Schwetlick"]
[SourceDate "2008.08.28"]
[WhiteTeam "SV Einheit Schwerin"]
[BlackTeam "Luebecker SV von 1873"]

1. c4 e5 2. Nc3 Nf6 3. g3 Bb4 4. Qc2 O-O 5. Bg2 d6 6. e3 Bxc3 7. Qxc3 c5 8. Ne2
Qc7 9. O-O Nc6 10. a3 Be6 11. d3 Rad8 12. Bd2 b6 13. b4 Ne7 14. e4 h6 15. f4
Bg4 16. Rae1 Bxe2 17. Rxe2 Nh7 18. f5 Nc6 19. b5 Nd4 20. Ref2 f6 21. h4 Qf7 22.
Be3 g5 23. hxg5 hxg5 24. g4 Kg7 25. Bxd4 cxd4 26. Qc2 Rc8 27. Bf3 Rh8 28. Rh2
Kf8 29. Rh5 Qe8 30. Rf2 Rc7 31. Rfh2 Qa8 32. R2h3 a6 33. Qh2 axb5 34. Rxh7
Rcxh7 35. Rxh7 Rxh7 36. Qxh7 Qxa3 37. Qh6+ Kf7 38. Qg6+ Ke7 39. Qg7+ Ke8 40.
Qxf6 bxc4 41. Qe6+ Kd8 42. f6 Qa7 43. f7 Qe7 44. Qxc4 Qf8 45. Bd1 Ke7 46. Bb3
Qd8 47. Qe6+ Kf8 48. Ba4 Qe7 49. Qh6+ Kxf7 50. Bb3+ 1-0

[Event "Open SSC Rostock 07"]
[Site "Rostock"]
[Date "2008.08.30"]
[Round "6.1"]
[White "Tomczak, Rafal"]
[Black "Szelag, Marcin"]
[Result "0-1"]
[WhiteElo "2350"]
[BlackElo "2474"]
[PlyCount "76"]
[EventDate "2008.08.28"]
[EventType "swiss"]
[EventRounds "7"]
[EventCountry "GER"]
[Source "Th.Schwetlick"]
[SourceDate "2008.08.28"]
[WhiteTeam "SSC Rostock 07"]
[BlackTeam "SSC Rostock 07"]

1. e4 c5 2. Nf3 d6 3. d4 cxd4 4. Nxd4 Nf6 5. Nc3 a6 6. Bg5 e6 7. f4 Be7 8. Qf3
Qc7 9. O-O-O Nbd7 10. g4 h6 11. Bxf6 Bxf6 12. h4 Qb6 13. Nde2 Nc5 14. g5 Be7
15. g6 O-O 16. gxf7+ Rxf7 17. Qh5 Bd7 18. Rg1 Raf8 19. Qxh6 Nd3+ 20. cxd3 Qxg1
21. Qh5 Qf2 22. Kb1 Qxh4 23. Qa5 Qh2 24. Qb6 Bc6 25. Qe3 Rxf4 26. Nxf4 Qxf4 27.
Qh3 Qh6 28. Qg2 Rf4 29. Be2 Bf6 30. Bg4 Bxc3 31. bxc3 Kf8 32. Rg1 Qf6 33. Qh3
Ke7 34. Rc1 Rf2 35. Qg3 Qf4 36. Qh4+ Kd7 37. Rc2 Rf1+ 38. Kb2 Ba4 0-1

[Event "Open SSC Rostock 07"]
[Site "Rostock"]
[Date "2008.08.30"]
[Round "6.2"]
[White "Schulz, Michael"]
[Black "Steinhagen, Bernd"]
[Result "1/2-1/2"]
[WhiteElo "2260"]
[BlackElo "2316"]
[PlyCount "95"]
[EventDate "2008.08.28"]
[EventType "swiss"]
[EventRounds "7"]
[EventCountry "GER"]
[Source "Th.Schwetlick"]
[SourceDate "2008.08.28"]
[WhiteTeam "SC Zitadelle Spandau 1977"]
[BlackTeam "SC Rotation Pankow"]

1. d4 d5 2. Bg5 h6 3. Bh4 c6 4. e3 Qb6 5. Nd2 Bf5 6. Qc1 e6 7. Ngf3 Be7 8. Bxe7
Nxe7 9. Bd3 Bxd3 10. cxd3 Nd7 11. O-O Rc8 12. b4 O-O 13. Nb3 Qxb4 14. Rb1 Qd6
15. Nc5 b6 16. Nxd7 Qxd7 17. Qa3 Ng6 18. h4 f6 19. Rfc1 Rc7 20. Rc3 Rfc8 21.
Rbc1 Ne7 22. Qb4 Nf5 23. a4 Qd6 24. Qb3 Kh7 25. h5 Qd7 26. a5 bxa5 27. Qa4 Ne7
28. Rc5 Qe8 29. Rxa5 Qxh5 30. Rxa7 Qe8 31. Rxc7 Rxc7 32. Qb4 Qc8 33. Qc5 Rb7
34. g3 Kg8 35. Kg2 Kf7 36. Ra1 Qb8 37. Ra6 Rb5 38. Qa3 Rb3 39. Qc5 Qb5 40. Ra7
Qxc5 41. dxc5 e5 42. d4 e4 43. Nh4 Ke6 44. g4 g6 45. Kg3 Rb8 46. Rc7 Rd8 47.
Rb7 Rd7 48. Rb8 1/2-1/2

[Event "Open SSC Rostock 07"]
[Site "Rostock"]
[Date "2008.08.30"]
[Round "6.4"]
[White "Rolle, Eric"]
[Black "Westphal, Wolfgang"]
[Result "1/2-1/2"]
[WhiteElo "2241"]
[BlackElo "2251"]
[PlyCount "24"]
[EventDate "2008.08.28"]
[EventType "swiss"]
[EventRounds "7"]
[EventCountry "GER"]
[Source "Th.Schwetlick"]
[SourceDate "2008.08.28"]
[WhiteTeam "ESV 1949 Eberswalde"]
[BlackTeam "SC Neukloster"]

1. e4 d6 2. d4 Nf6 3. Nc3 g6 4. f4 Bg7 5. Nf3 c5 6. e5 Ng4 7. Bb5+ Bd7 8. e6
fxe6 9. Ng5 Bxb5 10. Nxe6 Bxd4 11. Nxd8 Bf2+ 12. Kd2 Be3+ 1/2-1/2

[Event "Open SSC Rostock 07"]
[Site "Rostock"]
[Date "2008.08.30"]
[Round "6.5"]
[White "Kesten, Sebastian"]
[Black "Wilting, Alexander"]
[Result "0-1"]
[WhiteElo "2098"]
[BlackElo "1903"]
[PlyCount "129"]
[EventDate "2008.08.28"]
[EventType "swiss"]
[EventRounds "7"]
[EventCountry "GER"]
[Source "Th.Schwetlick"]
[SourceDate "2008.08.28"]
[WhiteTeam "SC Neukloster"]
[BlackTeam "ESV Rot-Weiss Goettingen"]

1. d4 d5 2. c4 e6 3. Nc3 Nf6 4. Bg5 Nbd7 5. cxd5 exd5 6. e3 c6 7. Bd3 Be7 8.
Qc2 h6 9. Bh4 O-O 10. Nge2 Re8 11. O-O Ne4 12. Bxe7 Qxe7 13. Bxe4 dxe4 14. d5
Nb6 15. dxc6 bxc6 16. Ng3 Ba6 17. Rfc1 Bd3 18. Qd1 g6 19. Na4 Red8 20. Qb3 Rab8
21. Nxb6 Rxb6 22. Qc3 c5 23. b3 Rc6 24. Nf1 Rdc8 25. Nd2 c4 26. b4 Rb6 27. a3
Qd6 28. Rd1 f5 29. Rac1 Qe7 30. Nb3 Qg7 31. Nd4 a5 32. b5 a4 33. Qb4 Qf8 34.
Qxf8+ Kxf8 35. Rc3 Kf7 36. f3 Ke7 37. Kf2 Kd6 38. Rg1 Kc5 39. g4 fxg4 40. Rxg4
exf3 41. Rf4 Rd6 42. Rxf3 Re8 43. Rf7 Kb6 44. Rc1 Red8 45. Ke1 R8d7 46. Rf4 g5
47. Rf2 h5 48. Kd2 g4 49. Rf4 Rg6 50. Rg1 Rdg7 51. Kc3 Ka5 52. Rg3 h4 53. Rg2
Rg8 54. Nc6+ Kxb5 55. Ne7 g3 56. Nxg6 gxh2 57. Rxh4 Rxg6 58. Rh5+ Kc6 59. Rxg6+
Bxg6 60. Rxh2 Bd3 61. Kd4 Kd6 62. Rh6+ Ke7 63. Ra6 Bc2 64. Kxc4 Bb3+ 65. Kb4
0-1

[Event "Open SSC Rostock 07"]
[Site "Rostock"]
[Date "2008.08.30"]
[Round "6.6"]
[White "Hittinger, Immanuel"]
[Black "Porsch, Harald"]
[Result "0-1"]
[WhiteElo "1941"]
[BlackElo "2195"]
[PlyCount "100"]
[EventDate "2008.08.28"]
[EventType "swiss"]
[EventRounds "7"]
[EventCountry "GER"]
[Source "Th.Schwetlick"]
[SourceDate "2008.08.28"]
[WhiteTeam "SK Bebenhausen 1992"]
[BlackTeam "SC Rotation Pankow"]

1. d4 g6 2. Nf3 Bg7 3. Bf4 Nf6 4. e3 d6 5. h3 Nbd7 6. Be2 O-O 7. O-O c5 8. c3
b6 9. Nbd2 Bb7 10. Bh2 a6 11. Bd3 Re8 12. Re1 b5 13. e4 e5 14. Rc1 Qb6 15. d5
h5 16. Nf1 Bh6 17. Ne3 Nf8 18. Nd2 Bc8 19. Rf1 c4 20. Bc2 Bxe3 21. fxe3 Qxe3+
22. Kh1 N8h7 23. Rf3 Qh6 24. Bg1 g5 25. Be3 Qg6 26. Qe2 g4 27. Rf2 h4 28. Rg1
Nh5 29. Qe1 Ng3+ 30. Kh2 Nf6 31. b3 cxb3 32. axb3 Nfxe4 33. Bb6 f5 34. Nxe4
Nxe4 35. Re2 Rb8 36. Ba5 g3+ 37. Kh1 Nf6 38. Bc7 Rb7 39. Bxd6 e4 40. c4 bxc4
41. bxc4 Rb2 42. Qa1 Rxc2 43. Rxc2 e3 44. Be5 Ne4 45. Re1 Nf2+ 46. Kg1 f4 47.
Ree2 Nxh3+ 48. Kf1 f3 49. gxf3 Nf2 50. Qa4 g2+ 0-1

[Event "Open SSC Rostock 07"]
[Site "Rostock"]
[Date "2008.08.30"]
[Round "6.7"]
[White "Xu, Xianliang"]
[Black "Hamann, Dirk"]
[Result "0-1"]
[WhiteElo "1871"]
[BlackElo "2088"]
[PlyCount "112"]
[EventDate "2008.08.28"]
[EventType "swiss"]
[EventRounds "7"]
[EventCountry "GER"]
[Source "Th.Schwetlick"]
[SourceDate "2008.08.28"]
[WhiteTeam "SK Bebenhausen 1992"]
[BlackTeam "SF Ostsee Warnemuende"]

1. d4 Nf6 2. Nf3 g6 3. Bf4 Bg7 4. e3 O-O 5. h3 c5 6. c3 Qb6 7. Qb3 Qxb3 8. axb3
cxd4 9. exd4 d6 10. Bd3 Nc6 11. Nbd2 e5 12. dxe5 dxe5 13. Be3 Nd5 14. Bc2 Nxe3
15. fxe3 f5 16. b4 e4 17. Ng5 Bf6 18. Bb3+ Kg7 19. Ne6+ Bxe6 20. Bxe6 Rfd8 21.
Bc4 Ne5 22. Be2 Bh4+ 23. Kd1 Bf2 24. Kc2 Bxe3 25. Rhd1 Bxd2 26. Rxd2 Rxd2+ 27.
Kxd2 a6 28. b5 Rd8+ 29. Ke3 axb5 30. Bxb5 b6 31. Ra6 Rd6 32. c4 Nd3 33. b3 Kf6
34. Ra7 h5 35. h4 Ke5 36. g3 Nb4 37. Re7+ Kf6 38. Rd7 Nc2+ 39. Kf4 Rxd7 40.
Bxd7 Nd4 41. Ke3 Nxb3 42. Bb5 Nc5 43. Bc6 Ne6 44. Bd5 Nc7 45. Bc6 g5 46. Ba4
gxh4 47. gxh4 Ke5 48. Bd1 f4+ 49. Kf2 f3 50. Ke3 Ne6 51. Bc2 Nc5 52. Bb1 Nd3
53. Bc2 f2 54. Ke2 Kd4 55. Bb1 Kc3 56. Ba2 Nc1+ 0-1

[Event "Open SSC Rostock 07"]
[Site "Rostock"]
[Date "2008.08.30"]
[Round "6.8"]
[White "Kornblum, Dittmar"]
[Black "Valet, Richard"]
[Result "0-1"]
[WhiteElo "1730"]
[BlackElo "2071"]
[PlyCount "72"]
[EventDate "2008.08.28"]
[EventType "swiss"]
[EventRounds "7"]
[EventCountry "GER"]
[Source "Th.Schwetlick"]
[SourceDate "2008.08.28"]
[WhiteTeam "Doberaner SV 90"]
[BlackTeam "Greifswalder SV"]

1. e4 c6 2. d4 d5 3. Nc3 dxe4 4. Nxe4 Bf5 5. Ng3 Bg6 6. Nf3 Nd7 7. Bd3 Bxd3 8.
Qxd3 Ngf6 9. c4 e6 10. O-O Be7 11. Bf4 O-O 12. Rfd1 a5 13. Ne5 Qb6 14. Nxd7
Nxd7 15. Rab1 Rfd8 16. Be3 Qc7 17. Qe2 Nf6 18. Nh5 Nxh5 19. Qxh5 Rd7 20. Rd3
Rad8 21. Rbd1 Bf6 22. Qe2 a4 23. Qc2 Qa5 24. Qe2 Qf5 25. g4 Qg6 26. Kf1 h5 27.
h3 hxg4 28. hxg4 c5 29. d5 Qe4 30. f3 Qxc4 31. Rc1 Qxa2 32. Rxc5 Qxb2 33. Rd2
Qb1+ 34. Kg2 Rxd5 35. Rcxd5 Rxd5 36. Rxd5 exd5 0-1

[Event "Open SSC Rostock 07"]
[Site "Rostock"]
[Date "2008.08.30"]
[Round "6.9"]
[White "Stutz, Reno"]
[Black "Friedrich, Paul Robert"]
[Result "0-1"]
[WhiteElo "2068"]
[BlackElo "2043"]
[PlyCount "66"]
[EventDate "2008.08.28"]
[EventType "swiss"]
[EventRounds "7"]
[EventCountry "GER"]
[Source "Th.Schwetlick"]
[SourceDate "2008.08.28"]
[WhiteTeam "ASV Gruen-Weiss Wismar"]
[BlackTeam "SC Neukloster"]

1. e4 e6 2. d4 d5 3. Nd2 Nf6 4. e5 Nfd7 5. Bd3 c5 6. c3 Nc6 7. Ngf3 Qb6 8. O-O
cxd4 9. cxd4 Nxd4 10. Nxd4 Qxd4 11. Nf3 Qg4 12. h3 Qh5 13. Qa4 Bc5 14. Kh2 f6
15. g4 Qf7 16. g5 fxe5 17. Nxe5 Bd6 18. f4 Qe7 19. g6 h6 20. Nf7 O-O 21. Bd2 a5
22. a3 Nc5 23. Qc2 Bd7 24. Rae1 Rac8 25. Nxh6+ gxh6 26. g7 Rf6 27. Bh7+ Kxg7
28. Bc3 Ne4 29. Bxe4 Rxc3 30. Qg2+ Kh8 31. bxc3 Rxf4 32. Rxf4 Bxf4+ 33. Kh1
dxe4 0-1